[Event "42nd Olympiad 2016"]
[Site "Baku AZE"]
[Date "2016.09.10"]
[Round "8.57"]
[Board "4"]
[White "Mahdia, Farage"]
[Black "Hanoeman, Suradj"]
[Result "0-1"]
[BlackTitle "CM"]
[WhiteElo "2023"]
[BlackElo "2012"]
[WhiteTeam "Libya"]
[BlackTeam "Surinam"]
[WhiteFideId "9200339"]
[BlackFideId "8200173"]
[EventDate "2016.09.02"]

1. Nf3 c5 2. e4 e6 3. d4 cxd4 4. Nxd4 a6 5. Bd3 b5 6. O-O Bb7 7. Qe2 Qb6 8. Nb3
Qc7 9. Be3 d6 10. N1d2 Nd7 11. a4 b4 12. f4 e5 13. c3 bxc3 14. Rac1 Ngf6 15.
Rxc3 Qb8 16. Na5 exf4 17. Rxf4 Bc8 18. Rf1 Ne5 19. Rfc1 Bg4 20. Nf3 Be7 21. Rb3
Qd8 22. Nc6 Nxc6 23. Rxc6 O-O 24. Rxa6 Qd7 25. a5 Qe6 26. Rxa8 Rxa8 27. Ra3 d5
28. Ra4 dxe4 29. Bc4 exf3 30. gxf3 Qc6 31. Bb5 Qxf3 32. Qxf3 Bxf3 33. a6 Bd5 34.
Bd4 Ne4 35. Kf1 Nc5 36. Bxc5 Bxc5 37. b4 Bb6 38. Bd3 Kf8 39. Ke2 Ke7 40. Bb5 Kd6
41. Ra1 Ra7 42. Rd1 Ke5 43. Bd3 g6 44. h4 f5 45. Kd2 Be4 46. Kc3 Bxd3 47. Rxd3 0-1

[Event "42nd Olympiad 2016"]
[Site "Baku AZE"]
[Date "2016.09.10"]
[Round "8.58"]
[Board "1"]
[White "Mohamed, Hassan MDV"]
[Black "Al Ghamdi, Ahmed M"]
[Result "0-1"]
[WhiteTitle "CM"]
[WhiteElo "1855"]
[BlackElo "2192"]
[WhiteTeam "Maldives"]
[BlackTeam "Saudi Arabia"]
[WhiteFideId "16700058"]
[BlackFideId "21500150"]
[EventDate "2016.09.02"]

1. e4 c5 2. Nc3 e6 3. Nf3 Nc6 4. d4 cxd4 5. Nxd4 Bb4 6. Be2 Nf6 7. Nxc6 bxc6 8.
O-O e5 9. Bg5 O-O 10. a3 Be7 11. f4 exf4 12. Kh1 Nxe4 13. Nxe4 Bxg5 14. Bd3 d5
15. Nxg5 Qxg5 16. Qd2 Bf5 17. Bxf5 Qxf5 18. Rxf4 Qe5 19. c3 Rab8 20. Raf1 Rb7
21. b4 Re7 22. R4f3 Re6 23. Qf2 Qc7 24. h3 Qe7 25. Qg3 h6 26. Qf2 Re2 27. Qd4
Qg5 28. Rg1 Qe7 29. Rgf1 Qg5 30. Rg1 Qe7 31. Rgf1 Re1 32. Rxe1 Qxe1+ 33. Kh2 Qe7
34. Re3 Qc7+ 35. Kh1 a5 36. Qc5 axb4 37. cxb4 Rd8 38. b5 d4 39. Rd3 Qf4 40. Rf3
Qd6 41. Qxc6 Qe7 42. Qc4 Qd7 43. Rd3 Qd6 44. Qc1 Re8 45. Qd2 Re4 46. a4 Qe5 47.
Kg1 Re2 48. Qa5 Re1+ 49. Qxe1 Qxe1+ 50. Kh2 Qe2 51. Rb3 d3 52. b6 d2 53. b7 Qe5+
54. g3 Qe2+ 0-1

[Event "42nd Olympiad 2016"]
[Site "Baku AZE"]
[Date "2016.09.10"]
[Round "8.58"]
[Board "2"]
[White "Masrhi, Abdulrahman A"]
[Black "Ahmed, Ashraf"]
[Result "1-0"]
[BlackTitle "FM"]
[WhiteElo "1900"]
[BlackElo "1880"]
[WhiteTeam "Saudi Arabia"]
[BlackTeam "Maldives"]
[WhiteFideId "21501564"]
[BlackFideId "16700031"]
[EventDate "2016.09.02"]

1. d4 Nf6 2. Nf3 e6 3. Bf4 c5 4. e3 Be7 5. c3 d5 6. Nbd2 O-O 7. Bd3 c4 8. Bc2
Nc6 9. Ne5 Nxe5 10. dxe5 Nd7 11. h4 b5 12. Nf3 g6 13. h5 g5 14. Bg3 h6 15. Nd4
Qb6 16. f4 f5 17. exf6 Bxf6 18. O-O e5 19. fxe5 Nxe5 20. Bxe5 Bxe5 21. Rxf8+
Kxf8 22. Qf3+ Bf6 23. Rf1 Ke7 24. Qxd5 Bb7 25. Nf5+ Kf8 26. Qd6+ Ke8 1-0

[Event "42nd Olympiad 2016"]
[Site "Baku AZE"]
[Date "2016.09.10"]
[Round "8.58"]
[Board "3"]
[White "Abdul, Rahman Ali"]
[Black "Bukannan, Ahmed A"]
[Result "0-1"]
[WhiteTitle "CM"]
[WhiteElo "1853"]
[BlackElo "1890"]
[WhiteTeam "Maldives"]
[BlackTeam "Saudi Arabia"]
[WhiteFideId "16700066"]
[BlackFideId "21504164"]
[EventDate "2016.09.02"]

1. d4 Nf6 2. e3 d5 3. Bd3 g6 4. f4 Bg7 5. Nf3 O-O 6. O-O c5 7. c3 b6 8. Qe2 Bf5
9. Bxf5 gxf5 10. Nbd2 Nbd7 11. Ne5 e6 12. Rf3 Nxe5 13. fxe5 Ne4 14. Rh3 f6 15.
Qh5 h6 16. Nxe4 fxe4 17. Rg3 Kh8 18. Bd2 fxe5 19. dxe5 Rf5 20. Qg6 Qe7 21. Rf1
Rxf1+ 22. Kxf1 Rf8+ 23. Ke2 Rf5 24. Be1 Rxe5 25. Rg4 Rg5 26. Rxg5 hxg5 27. h4
gxh4 28. Qh5+ Kg8 29. Bxh4 Qf7 30. Qg4 Qf5 31. Qg3 e5 32. Bg5 Kf7 33. Qh4 Kg6
34. Bd8 Qh5+ 35. Qxh5+ Kxh5 36. Kf2 Kg4 37. Bc7 b5 38. Bd6 c4 39. Bb8 a6 40. Bd6
d4 41. Bc5 d3 42. Be7 Bh6 43. Bc5 Bg5 44. g3 Bd8 45. a3 Bc7 46. Ba7 a5 47. Bc5
Bd8 48. Ba7 Be7 49. Bb8 Kf5 50. Ke1 b4 51. a4 b3 52. Bc7 Ba3 53. Bxa5 Bxb2 0-1

[Event "42nd Olympiad 2016"]
[Site "Baku AZE"]
[Date "2016.09.10"]
[Round "8.58"]
[Board "4"]
[White "Al Turky, Fahad A"]
[Black "Muhammed, Shuaau"]
[Result "1/2-1/2"]
[WhiteElo "1861"]
[BlackElo "1692"]
[WhiteTeam "Saudi Arabia"]
[BlackTeam "Maldives"]
[WhiteFideId "21500401"]
[BlackFideId "16700406"]
[EventDate "2016.09.02"]

1. c4 Nf6 2. Nc3 g6 3. g3 Bg7 4. Bg2 c5 5. Nf3 O-O 6. O-O Nc6 7. d3 a6 8. a3 d6
9. Rb1 Bg4 10. b4 cxb4 11. axb4 Rb8 12. h3 Bxf3 13. Bxf3 Nd4 14. Bg2 Nh5 15. Bb2
f5 16. e3 Nc6 17. b5 axb5 18. Nxb5 Nf6 19. Re1 Qd7 20. Nd4 e5 21. Nb5 Kh8 22.
Bc3 d5 23. cxd5 Nxd5 24. Ba1 Rfd8 25. d4 e4 26. Qd2 g5 27. Rb3 h5 28. Reb1 h4
29. Qd1 Qf7 30. g4 Rd7 31. Nc3 1/2-1/2

[Event "42nd Olympiad 2016"]
[Site "Baku AZE"]
[Date "2016.09.10"]
[Round "8.59"]
[Board "1"]
[White "Kawuma, Patrick"]
[Black "Tissir, Mohamed"]
[Result "0-1"]
[WhiteTitle "FM"]
[BlackTitle "IM"]
[WhiteElo "2261"]
[BlackElo "2388"]
[WhiteTeam "Uganda"]
[BlackTeam "Morocco"]
[WhiteFideId "10000127"]
[BlackFideId "9000240"]
[EventDate "2016.09.02"]

1. c4 Nf6 2. Nc3 g6 3. e4 d6 4. d4 Bg7 5. Nf3 O-O 6. Be2 e5 7. O-O Nc6 8. d5 Ne7
9. Nd2 Ne8 10. b4 f5 11. c5 Nf6 12. f3 f4 13. Nc4 g5 14. a4 Ng6 15. Ba3 Rf7 16.
b5 dxc5 17. Bxc5 h5 18. a5 g4 19. Kh1 g3 20. Bg1 Bf8 21. b6 Nh4 22. Re1 Nxg2 23.
Kxg2 Rg7 24. Bf1 gxh2+ 25. Kxh2 Ng4+ 26. fxg4 Qh4+ 27. Bh3 Qg3+ 28. Kh1 Qxh3+
29. Bh2 Bxg4 0-1

[Event "42nd Olympiad 2016"]
[Site "Baku AZE"]
[Date "2016.09.10"]
[Round "8.59"]
[Board "2"]
[White "Choukri, Adel"]
[Black "Wanyama, Harold"]
[Result "1-0"]
[WhiteTitle "CM"]
[BlackTitle "FM"]
[WhiteElo "2269"]
[BlackElo "2251"]
[WhiteTeam "Morocco"]
[BlackTeam "Uganda"]
[WhiteFideId "9000399"]
[BlackFideId "10000380"]
[EventDate "2016.09.02"]

1. Nf3 Nf6 2. c4 g6 3. b4 Bg7 4. Bb2 O-O 5. g3 a5 6. b5 d5 7. cxd5 Qxd5 8. a4 c6
9. Nc3 Qh5 10. Bg2 Bh3 11. O-O Ng4 12. Qb3 Nd7 13. Ne4 Bxb2 14. Qxb2 Bxg2 15.
Kxg2 cxb5 16. h3 Qf5 17. hxg4 Qxe4 18. Rh1 f6 19. d3 Qd5 20. e4 Qd6 21. Qa2+ Kg7
22. Qd2 Rf7 23. Rxh7+ Kxh7 24. Rh1+ Kg8 25. Qh6 Rg7 26. Qh8+ Kf7 27. Qxa8 Qxd3
28. g5 bxa4 29. gxf6 exf6 30. Qxb7 Kg8 31. e5 Nf8 32. Qa8 Qf5 33. exf6 Rf7 34.
Ra1 Qb5 35. Qe4 Rxf6 36. Qxa4 Qb7 37. Ra3 Ne6 38. Qxa5 Rf8 39. Qe5 Ng7 40. Qe3
Nf5 41. Qb3+ Qxb3 42. Rxb3 Re8 43. g4 Nh6 44. Rb4 Kg7 45. Rb7+ Kg8 46. Rb4 Kg7
47. Kg3 Re7 48. Nh4 Re6 49. Rb7+ Kg8 50. g5 Nf7 51. f4 Ra6 52. Kg4 Rc6 53. Nf3
Ra6 54. Rd7 Rb6 55. Ra7 Re6 56. Nh4 Rb6 57. Ra5 Rc6 58. Nf3 Rd6 59. Ne5 Nxe5+
60. fxe5 Rd4+ 61. Kf3 Kf7 62. Ra6 Rb4 63. Rf6+ Kg7 64. e6 Rb1 65. Ke4 Rg1 66.
Rf7+ Kg8 67. Rf3 Kg7 68. e7 Re1+ 69. Re3 Rxe3+ 70. Kxe3 Kf7 71. Ke4 Kxe7 72. Ke5
Kf7 73. Kd6 Kg7 74. Ke7 1-0

[Event "42nd Olympiad 2016"]
[Site "Baku AZE"]
[Date "2016.09.10"]
[Round "8.59"]
[Board "3"]
[White "Kizza, Faruk Fauza Karim"]
[Black "Becham, Khalid"]
[Result "1-0"]
[WhiteElo "2094"]
[BlackElo "2134"]
[WhiteTeam "Uganda"]
[BlackTeam "Morocco"]
[WhiteFideId "10000526"]
[BlackFideId "9000275"]
[EventDate "2016.09.02"]

1. e4 e5 2. Nf3 Nc6 3. Bb5 a6 4. Ba4 Nf6 5. d3 d6 6. O-O Be7 7. c3 O-O 8. Nbd2
h6 9. Re1 Nh7 10. d4 Bf6 11. Bxc6 bxc6 12. dxe5 dxe5 13. Qa4 Bd7 14. Nc4 Re8 15.
Be3 Re6 16. Rad1 Qe8 17. Qa5 Bd8 18. Nfxe5 Bc8 19. f3 Rb8 20. Nd3 Rb5 21. Qa4
Bg5 22. Bf2 Qe7 23. b4 Bh4 24. Qc2 Bxf2+ 25. Qxf2 Rg5 26. Rd2 Reg6 27. Nf4 Rf6
28. Qe3 Nf8 29. e5 Rff5 30. Nd3 Be6 31. Na5 Bd5 32. f4 Rg4 33. c4 Be6 34. Nxc6
Qh4 35. Qf2 Ng6 36. Qxh4 Nxh4 37. Ne7+ Kf8 38. Nxf5 Nf3+ 39. Kf2 Nxd2 40. h3
Ne4+ 41. Rxe4 Bxf5 42. hxg4 Bxe4 43. Nc5 Bb1 44. Ke3 Bxa2 45. Kd4 Ke7 46. Nxa6
Kd7 47. Nc5+ Ke7 48. b5 Bb1 49. Kd5 g6 50. g3 Ba2 51. Ne4 Bb3 52. Nf6 Kd8 53.
Ng8 h5 54. gxh5 gxh5 55. Nf6 Bd1 56. Kc5 Be2 57. Kd4 Ke7 58. Nd5+ Kd7 59. b6
cxb6 60. Nxb6+ Ke6 61. Nd5 Bf3 62. Ne3 Kd7 63. f5 Kc6 64. Nd5 Kd7 65. Ke3 Bd1
66. Kf4 Be2 67. Kg5 Kc6 68. Kf6 Bxc4 69. Nf4 Kd7 70. Nxh5 Ke8 71. Nf4 Kf8 72. g4
Bb3 73. g5 1-0

[Event "42nd Olympiad 2016"]
[Site "Baku AZE"]
[Date "2016.09.10"]
[Round "8.59"]
[Board "4"]
[White "Hifad, Rachid"]
[Black "Mwaka, Emmanuel"]
[Result "1-0"]
[WhiteTitle "IM"]
[WhiteElo "2175"]
[BlackElo "2025"]
[WhiteTeam "Morocco"]
[BlackTeam "Uganda"]
[WhiteFideId "9000623"]
[BlackFideId "10000712"]
[EventDate "2016.09.02"]

1. Nf3 Nf6 2. d4 e6 3. e3 b6 4. Bd3 Bb7 5. Nbd2 d5 6. O-O Nbd7 7. b3 Bd6 8. Bb2
O-O 9. c4 c5 10. Qc2 cxd4 11. exd4 Qc7 12. Rfe1 h6 13. h3 dxc4 14. bxc4 Rac8 15.
Rac1 Bf4 16. Rcd1 Rfd8 17. Qb3 Qc6 18. Bf1 Bb8 19. a4 Bf4 20. Nb1 Bb8 21. Nc3
Qc7 22. Nb5 Qf4 23. Bc1 Qf5 24. Be2 Be4 25. Qa2 Bc2 26. Rd2 Bb1 27. Qa1 Be4 28.
Qa2 Bb1 29. Qb3 Be4 30. Nc3 Ba8 31. Rdd1 Bxf3 32. Bxf3 Bf4 33. Nb5 Bb8 34. Ba3
a6 35. Nd6 Bxd6 36. Bxd6 Qa5 37. Bb7 Nb8 38. Bxc8 Rxc8 39. Re5 b5 40. axb5 Nbd7
41. bxa6 Qxa6 42. Rc5 Nxc5 43. dxc5 Ne4 44. Qb5 Qa2 45. Qb7 Qa8 46. Qxa8 Rxa8
47. f3 Nf6 48. c6 Rc8 49. Rb1 Rxc6 50. c5 Nd7 51. Rb5 f6 52. Kf2 Kf7 53. Ke3 e5
54. Kd3 Ke6 55. Kc4 Ra6 1-0

[Event "42nd Olympiad 2016"]
[Site "Baku AZE"]
[Date "2016.09.10"]
[Round "8.60"]
[Board "2"]
[White "El Jawich, Amro"]
[Black "Tagelsir, Abubaker"]
[Result "1/2-1/2"]
[WhiteTitle "FM"]
[BlackTitle "FM"]
[WhiteElo "2260"]
[BlackElo "2216"]
[WhiteTeam "Lebanon"]
[BlackTeam "Sudan"]
[WhiteFideId "5300380"]
[BlackFideId "12200875"]
[EventDate "2016.09.02"]

1. e4 d5 2. exd5 Qxd5 3. Nc3 Qd6 4. g3 Nf6 5. Bg2 c6 6. d4 Bf5 7. Nf3 e6 8. O-O
h6 9. Bf4 Qd8 10. Re1 Be7 11. Ne5 Nbd7 12. Qe2 Nxe5 13. dxe5 Nd5 14. Nxd5 exd5
15. Rad1 Qc8 16. c3 Bg4 17. Bf3 Be6 18. Bc1 O-O 19. Bg2 a5 20. f4 h5 21. Bf3 g6
22. Be3 Bf5 23. Qf2 Qe6 24. Bc5 Rfe8 25. Rd2 Kg7 26. Red1 Rh8 27. Bxe7 Qxe7 28.
h4 Rhe8 29. Re1 Qc7 30. Bd1 Qc8 31. Bc2 Bg4 32. Qd4 Qe6 33. Rf2 Rg8 34. Kh2 Kh7
35. Bd1 Bf5 36. Bc2 Rge8 37. Bxf5 Qxf5 38. Rfe2 Qe6 39. Rf2 Qf5 40. Rfe2 Qe6 41.
Rf2 Qf5 42. Qd1 Re7 43. g4 hxg4 44. Kg3 Rh8 45. Qxg4 Rg8 46. Kf3 f6 47. Rfe2
fxe5 48. Qxf5 gxf5 49. Rxe5 Reg7 50. Re7 Kh6 51. R1e6+ Kh5 52. Rxg7 Rxg7 53. Rf6
a4 54. Rxf5+ Kxh4 55. Rf8 Rg3+ 56. Kf2 Rg7 57. Ra8 Kg4 58. Rxa4 Rf7 59. Ke3 Re7+
60. Kd3 Kf5 61. Rb4 Rc7 62. Rd4 Rh7 63. c4 Rh3+ 64. Kc2 dxc4 65. Rxc4 Rf3 66.
Rb4 b5 67. Rb3 Rf2+ 68. Kc1 Ke4 69. Rb4+ Kd3 70. Rb3+ Kd4 71. a4 bxa4 72. Rb4+
Kd3 73. Kb1 c5 74. Rxa4 c4 75. Ra3+ Kd2 76. Rh3 1/2-1/2

[Event "42nd Olympiad 2016"]
[Site "Baku AZE"]
[Date "2016.09.10"]
[Round "8.60"]
[Board "3"]
[White "Abdelazeez, Mohamed Abdalla"]
[Black "Asmar, Elie"]
[Result "1-0"]
[WhiteElo "2183"]
[BlackElo "2026"]
[WhiteTeam "Sudan"]
[BlackTeam "Lebanon"]
[WhiteFideId "12202576"]
[BlackFideId "5301432"]
[EventDate "2016.09.02"]

1. d4 Nf6 2. c4 g6 3. Bg5 Bg7 4. Nf3 d6 5. e3 h6 6. Bh4 g5 7. Bg3 Nh5 8. Be2 c5
9. Nc3 Nc6 10. d5 Nxg3 11. hxg3 Ne5 12. Qc2 Nxf3+ 13. gxf3 Bd7 14. g4 Qa5 15.
Bd3 a6 16. Ke2 b5 17. Ne4 bxc4 18. Bxc4 Rb8 19. Rab1 Bb5 20. b3 Bxc4+ 21. bxc4
Rxb1 22. Rxb1 O-O 23. Ng3 Qc7 24. Qe4 Rb8 25. Rxb8+ Qxb8 26. Qxe7 Qb2+ 27. Kf1
Bf8 28. Qe8 Qxa2 29. Nf5 Qxc4+ 30. Kg2 Qb5 31. Nxh6+ Kg7 32. Qxf7+ Kxh6 33.
Qxf8+ Kh7 34. Qxd6 c4 35. Qc7+ 1-0

[Event "42nd Olympiad 2016"]
[Site "Baku AZE"]
[Date "2016.09.10"]
[Round "8.60"]
[Board "4"]
[White "Abdulaziz, Mahmoud"]
[Black "Hassan, Abubaker Abdalmalik Ali"]
[Result "1-0"]
[WhiteTitle "CM"]
[WhiteElo "2123"]
[BlackElo "2167"]
[WhiteTeam "Lebanon"]
[BlackTeam "Sudan"]
[WhiteFideId "5300401"]
[BlackFideId "12201685"]
[EventDate "2016.09.02"]

1. Nf3 d5 2. e3 e6 3. c4 c6 4. b3 f5 5. Bb2 Nf6 6. d3 Bd6 7. Nbd2 O-O 8. Qc2
Nbd7 9. e4 Ng4 10. h3 Nge5 11. O-O-O Qe7 12. exf5 Nxf3 13. Nxf3 exf5 14. Re1 Qf7
15. Kb1 h6 16. d4 Nf6 17. Bd3 Ne4 18. Ne5 Qf6 19. g4 fxg4 20. hxg4 Qxf2 21. Re2
Qf6 22. cxd5 cxd5 23. Rxe4 dxe4 24. Bxe4 Bxe5 25. dxe5 Qg5 26. Qc4+ Kh8 27. e6
Rf6 28. Bxf6 Qxf6 29. Bd5 Qg6+ 30. Kb2 Qf6+ 31. Ka3 Qd8 32. Qd4 Qe7+ 33. Kb2 Kg8
34. Rf1 Bxe6 35. Re1 Qh4 36. Rxe6 Kh8 37. Rg6 Qh2+ 38. Ka3 1-0

[Event "42nd Olympiad 2016"]
[Site "Baku AZE"]
[Date "2016.09.10"]
[Round "8.61"]
[Board "1"]
[White "Blijstra, Wim"]
[Black "Eichab, Charles"]
[Result "0-1"]
[WhiteTitle "FM"]
[BlackTitle "CM"]
[WhiteElo "2216"]
[BlackElo "2070"]
[WhiteTeam "Netherlands Antilles"]
[BlackTeam "Namibia"]
[WhiteFideId "1018000"]
[BlackFideId "15200051"]
[EventDate "2016.09.02"]

1. Nf3 Nf6 2. c4 e6 3. g3 b6 4. Bg2 Bb7 5. O-O Be7 6. Nc3 O-O 7. d4 Ne4 8. Qc2
Nxc3 9. Qxc3 c5 10. e3 Na6 11. Rd1 cxd4 12. exd4 Rc8 13. b3 b5 14. Be3 bxc4 15.
bxc4 Bd5 16. c5 Bf6 17. Qa3 Nxc5 18. dxc5 Bxa1 19. Rxa1 Bxf3 20. Bxf3 Qf6 21.
Rb1 Qxf3 22. Qxa7 Qd5 23. Rb2 Ra8 24. Qb7 Qxb7 25. Rxb7 Rfd8 26. Bf4 Rxa2 27.
Kg2 f6 28. Bc7 Rda8 29. Bb6 Rd2 30. Ba7 Rc8 31. Bb6 Rc6 32. Rb8+ Kf7 33. Rb7 Rc8
34. h4 h5 35. Ba7 Kg6 36. Kf3 Kf5 37. Rb5 Rd3+ 38. Ke2 Rd5 39. Rb7 Rc6 40. Bb6
g5 41. hxg5 fxg5 42. Ke3 h4 43. gxh4 gxh4 44. Kf3 Rd3+ 45. Ke2 Rd4 46. Rb8 Rb4
47. Kf3 d6 48. Rh8 dxc5 49. Bxc5 Rf4+ 50. Ke2 e5 51. Be3 Rc2+ 52. Kd1 Rfc4 53.
Rxh4 Rxh4 54. Kxc2 Ke4 55. Kd2 Kf3 56. Kd3 e4+ 57. Kd4 Rh1 58. Ke5 Ra1 59. Bb6
Rb1 60. Ba7 Rb4 61. Kd5 Ra4 62. Bb6 Rb4 63. Ba7 Rb7 64. Be3 Rb5+ 65. Kc4 Ra5 66.
Bb6 Ra6 67. Be3 Rd6 68. Bd4 Rd7 69. Kc5 Ke2 70. Kc4 Rf7 71. Kd5 Kd3 72. Bb6 Rh7
73. Be3 Rh5+ 74. Ke6 Ke2 75. Ba7 Kf3 76. Be3 Rb5 77. Kd6 Kg4 78. Ke6 Ra5 79. Bd4
Rf5 80. Ba7 Ra5 81. Bd4 Kg5 82. Be3+ Kg6 83. Bd4 Ra8 84. Kd5 Kf5 85. Bb6 Rb8 86.
Bd4 Rd8+ 87. Kc5 Ke6 88. Kc4 Rc8+ 89. Kb3 Kf5 90. Kb4 Kf4 91. Kb3 Kf3 92. Kb2
Ke2 93. Ba7 Rf8 94. Kc2 Rxf2 95. Kc3 e3 0-1

[Event "42nd Olympiad 2016"]
[Site "Baku AZE"]
[Date "2016.09.10"]
[Round "8.61"]
[Board "3"]
[White "Izijk, Jimmy"]
[Black "Nitzborn, Max Baron"]
[Result "1-0"]
[WhiteTitle "CM"]
[WhiteElo "1991"]
[BlackElo "1970"]
[WhiteTeam "Netherlands Antilles"]
[BlackTeam "Namibia"]
[WhiteFideId "7500041"]
[BlackFideId "15200434"]
[EventDate "2016.09.02"]

1. c4 Nf6 2. Nc3 e6 3. Nf3 Bb4 4. Qc2 b6 5. g3 Bb7 6. Bg2 O-O 7. O-O d6 8. a3
Bxc3 9. Qxc3 Nbd7 10. d3 e5 11. e4 Nc5 12. Ne1 Ne6 13. f4 Nd4 14. Kh1 Ne8 15.
Nf3 Nxf3 16. Bxf3 Qe7 17. f5 c6 18. Be3 Rc8 19. Qd2 Nc7 20. Qg2 Rcd8 21. g4 f6
22. g5 Kh8 23. Rg1 d5 24. Rad1 dxc4 25. dxc4 Rxd1 26. Bxd1 fxg5 27. Bxg5 Qf7 28.
Bf3 Ne8 29. Qg3 Qc7 30. Qh4 Nf6 31. Bd2 c5 32. Bc3 Rd8 33. Re1 Rd3 34. Qf2 Rxf3
35. Qxf3 Nxe4 36. Kg1 Nd2 37. Qh5 Qc6 38. Re2 Qh1+ 39. Kf2 Qf1+ 40. Ke3 Qf4+ 41.
Kd3 Bc6 42. Bxd2 Qd4+ 43. Kc2 Ba4+ 44. Kb1 Qd3+ 45. Ka1 Qc2 46. Rf2 Qxc4 47. Qe2
Qd5 48. Bc3 e4 49. Qd2 Qa8 50. Qg5 Qf8 51. Rg2 Kg8 52. Bxg7 1-0

[Event "42nd Olympiad 2016"]
[Site "Baku AZE"]
[Date "2016.09.10"]
[Round "8.61"]
[Board "4"]
[White "Beukes, Dante M"]
[Black "Hodgson, Norman"]
[Result "0-1"]
[WhiteTitle "CM"]
[WhiteElo "1612"]
[BlackElo "1831"]
[WhiteTeam "Namibia"]
[BlackTeam "Netherlands Antilles"]
[WhiteFideId "15200540"]
[BlackFideId "7500033"]
[EventDate "2016.09.02"]

1. e4 d6 2. d4 g6 3. Nc3 Bg7 4. Be3 Nf6 5. h3 O-O 6. Nf3 Nc6 7. Qd2 a6 8. Bd3 b5
9. O-O Bb7 10. Ne2 Qd7 11. Ng3 Rad8 12. Rfe1 e5 13. d5 Ne7 14. Bh6 Nxe4 15. Bxe4
f5 16. Bxg7 Kxg7 17. Ng5 fxe4 18. Ne6+ Kg8 19. Nxd8 Qxd8 20. Nxe4 Nxd5 21. Rad1
Nf4 22. Kh2 Qh4 23. f3 Nxh3 24. gxh3 Rxf3 25. Qg2 Bxe4 26. Rxe4 Qxe4 27. Rf1
Qf4+ 28. Kg1 Rxf1+ 29. Qxf1 Qxf1+ 30. Kxf1 Kf7 31. Ke2 g5 32. Kf3 d5 33. Kg4 Kf6
34. c3 h5+ 35. Kf3 Kf5 36. b3 g4+ 37. hxg4+ hxg4+ 38. Kg3 e4 39. Kf2 Kf4 40. Ke2
g3 0-1

[Event "42nd Olympiad 2016"]
[Site "Baku AZE"]
[Date "2016.09.10"]
[Round "8.62"]
[Board "1"]
[White "Salim, Mohammed Salim Al Amri"]
[Black "Tapia, Alexei"]
[Result "0-1"]
[WhiteTitle "FM"]
[WhiteElo "2050"]
[BlackElo "2183"]
[WhiteTeam "Oman"]
[BlackTeam "Panama"]
[WhiteFideId "22000089"]
[BlackFideId "6600581"]
[EventDate "2016.09.02"]

1. e4 c5 2. Nf3 e6 3. d4 cxd4 4. Nxd4 Nc6 5. Nc3 a6 6. Be3 Nf6 7. Qf3 Qc7 8.
O-O-O Bb4 9. Nxc6 Bxc3 10. Nd4 Bb4 11. Bd3 Bc5 12. g4 d6 13. g5 Nd7 14. Qg3 Qb6
15. Be2 Ne5 16. Rd2 Bd7 17. Rhd1 Rc8 18. Kb1 O-O 19. Nb3 Bxe3 20. Rxd6 Bxf2 21.
Qxe5 Bc6 22. h4 Qe3 23. h5 Bg3 24. Qd4 Qxe2 25. h6 e5 26. Qb6 Bxe4 27. R6d2
Bxc2+ 28. Ka1 Qb5 29. Qd6 Bxd1 30. Rxd1 Qc6 31. Qe7 Rfe8 32. Qb4 e4 33. Qd2 e3
34. Qd4 Be5 35. Qg4 Qc2 36. Rb1 e2 0-1

[Event "42nd Olympiad 2016"]
[Site "Baku AZE"]
[Date "2016.09.10"]
[Round "8.62"]
[Board "2"]
[White "Ulloa, Ruben Guillermo"]
[Black "Salim, Issa Ali Shamas"]
[Result "1-0"]
[BlackTitle "CM"]
[WhiteElo "2128"]
[BlackElo "1932"]
[WhiteTeam "Panama"]
[BlackTeam "Oman"]
[WhiteFideId "6601243"]
[BlackFideId "22000062"]
[EventDate "2016.09.02"]

1. d4 Nf6 2. c4 e6 3. g3 Bb4+ 4. Bd2 Qe7 5. Nf3 Nc6 6. Nc3 O-O 7. Bg2 d5 8. O-O
Bxc3 9. Bxc3 Ne4 10. Qc2 f5 11. Rac1 Bd7 12. Qb3 Nxc3 13. Qxc3 Rac8 14. Nd2 dxc4
15. Nxc4 Kh8 16. Na5 Nd8 17. Nxb7 Bb5 18. Rfe1 c6 19. Nc5 Nb7 20. e3 Nxc5 21.
Qxc5 Qb7 22. b3 Bd3 23. Qd6 Qa6 24. a4 Qa5 25. b4 Qxa4 26. Ra1 Qc2 27. Rxa7 Be4
28. Qe7 Rg8 29. Qxe6 Qc3 30. Rea1 Rce8 31. Qd6 h6 32. Qc5 Qb2 33. Bxe4 fxe4 34.
Qxc6 Qxb4 35. Qg6 Qb2 36. Rf1 Qb8 37. Rf7 Qa8 38. Rc1 Rc8 39. Rxc8 Qxc8 40. Qxe4
Qc1+ 41. Kg2 Qc4 42. Qf3 Qc8 43. d5 Qd8 44. e4 Qd6 45. Qf4 Qc5 46. d6 Qd4 47. d7
Qc5 48. Qg4 Qd4 49. Qf5 Qb4 50. Qd5 Qb6 51. e5 Qd8 52. e6 1-0

[Event "42nd Olympiad 2016"]
[Site "Baku AZE"]
[Date "2016.09.10"]
[Round "8.62"]
[Board "3"]
[White "Amer, Said Salim Al Maashani"]
[Black "Mathews, Cesar"]
[Result "0-1"]
[WhiteTitle "FM"]
[BlackTitle "CM"]
[WhiteElo "2044"]
[BlackElo "2116"]
[WhiteTeam "Oman"]
[BlackTeam "Panama"]
[WhiteFideId "22000100"]
[BlackFideId "6600360"]
[EventDate "2016.09.02"]

1. e4 e5 2. Nf3 Nc6 3. Bc4 Bc5 4. c3 Nf6 5. Qe2 d6 6. d3 O-O 7. b4 Bb6 8. a4 a5
9. b5 Ne7 10. Nbd2 Ng6 11. Nf1 d5 12. exd5 e4 13. dxe4 Nxe4 14. Ne3 Nf4 15. Qc2
Re8 16. O-O Qf6 17. Bd3 Nh3+ 18. Kh1 Nhxf2+ 19. Rxf2 Nxf2+ 20. Qxf2 Qf4 21. Nd1
Qf6 22. Qg3 Bg4 23. Bg5 Qxf3 24. gxf3 Re1+ 0-1

[Event "42nd Olympiad 2016"]
[Site "Baku AZE"]
[Date "2016.09.10"]
[Round "8.62"]
[Board "4"]
[White "Leon, Orlando"]
[Black "Al Mashikhi, Salim Aliyan"]
[Result "0-1"]
[WhiteElo "2060"]
[BlackElo "2060"]
[WhiteTeam "Panama"]
[BlackTeam "Oman"]
[WhiteFideId "6600913"]
[BlackFideId "22000046"]
[EventDate "2016.09.02"]

1. e4 e5 2. Nf3 Nc6 3. Bb5 a6 4. Ba4 Nf6 5. d3 d6 6. c3 b5 7. Bb3 Na5 8. Bc2 c5
9. a4 Bb7 10. Qe2 b4 11. Nbd2 Qb6 12. O-O Be7 13. Rd1 O-O 14. Nf1 Rad8 15. Ng3
Bc8 16. Nh4 g6 17. Bg5 Nd5 18. Bxe7 Nxe7 19. Qd2 b3 20. Bb1 Bg4 21. Re1 f6 22.
f4 exf4 23. Qxf4 Be6 24. Nf3 Nac6 25. Kh1 Ne5 26. Qe3 N7c6 27. Ne2 Rfe8 28. Nf4
Bf7 29. Rd1 g5 30. Ne2 d5 31. Nxe5 Nxe5 32. Ng3 dxe4 33. Nxe4 Ng4 34. Qg3 Rxe4
35. d4 Rf4 0-1